[Event "Chigorin Memorial 27th"]
[Site "St Petersburg"]
[Date "2019.10.13"]
[Round "9"]
[White "Shilo, Kirill"]
[Black "Kobak, Polina"]
[Result "1/2-1/2"]
[WhiteElo "1824"]
[BlackElo "1549"]
[PlyCount "105"]
[EventDate "2019.10.05"]
[EventType "swiss"]
[EventRounds "9"]
[EventCountry "RUS"]
[SourceTitle "EXT 2021"]
[Source "ChessBase"]
[SourceDate "2020.10.23"]
[SourceVersion "1"]
[SourceVersionDate "2020.10.23"]
[SourceQuality "1"]

1. e4 c5 2. Nf3 g6 3. d4 cxd4 4. Nxd4 Nc6 5. c4 Nf6 6. Nc3 Nxd4 7. Qxd4 d6 8. Be3 Bg7 9. Be2 0-0 10. Qd2 a5 11. f3 a4 12. 0-0 Be6 13. Rac1 Qa5 14. Nb5 Qxd2 15. Bxd2 Rfc8 16. Be3 Nd7 17. Nd4 Nc5 18. Rfd1 Bd7 19. Rb1 Ne6 20. Kf2 Ra5 21. b4 axb3 22. axb3 Ra2 23. Nxe6 Bxe6 24. Bd4 f5 25. Bxg7 Kxg7 26. Ke3 Rca8 27. Rd2 Rxd2 28. Kxd2 Kf6 29. exf5 Bxf5 30. Rb2 Ra1 31. Ke3 Bd7 32. b4 Ra3+ 33. Kf2 Ke5 34. Rd2 Ra4 35. Rd5+ Kf6 36. b5 Be6 37. Rd4 d5 38. Ke3 dxc4 39. Rd8 Rb4 40. Rd4 Rxb5 41. Bxc4 Bxc4 42. Rxc4 Rb2 43. g4 b5 44. Rc5 b4 45. h4 Rb3+ 46. Ke4 Rc3 47. Rb5 b3 48. Rb6+ Kf7 49. f4 Rg3 50. h5 Rxg4 51. hxg6+ hxg6 52. Rxb3 Kf6 53. Rb6+ 1/2-1/2

[Event "Chigorin Memorial 27th"]
[Site "St Petersburg"]
[Date "2019.10.07"]
[Round "3"]
[White "Shilo, Kirill"]
[Black "Oleinik, Egor"]
[Result "1-0"]
[WhiteElo "1824"]
[BlackElo "1575"]
[PlyCount "51"]
[EventDate "2019.10.05"]
[EventType "swiss"]
[EventRounds "9"]
[EventCountry "RUS"]
[SourceTitle "EXT 2020"]
[Source "ChessBase"]
[SourceDate "2019.10.17"]
[SourceVersion "1"]
[SourceVersionDate "2019.10.17"]
[SourceQuality "1"]

1. e4 c5 2. Nf3 d6 3. d4 cxd4 4. Nxd4 Nf6 5. Nc3 g6 6. Be3 Bg7 7. f3 Nc6 8. Qd2 Bd7 9. 0-0-0 0-0 10. Kb1 Rc8 11. g4 Ne5 12. h4 h5 13. Bh6 a6 14. Bxg7 Kxg7 15. gxh5 Nxh5 16. Rg1 Rh8 17. f4 Nc4 18. Bxc4 Rxc4 19. f5 b5 20. fxg6 fxg6 21. Qg5 Rh6 22. Nd5 Nf6 23. Nf4 Qe8 24. Nf5+ Bxf5 25. exf5 Rc8 26. h5 1-0

[Event "Chigorin Memorial 27th"]
[Site "St Petersburg"]
[Date "2019.10.06"]
[Round "2"]
[White "Kolchin, Maxim"]
[Black "Shilo, Kirill"]
[Result "1-0"]
[WhiteElo "2077"]
[BlackElo "1824"]
[PlyCount "97"]
[EventDate "2019.10.05"]
[EventType "swiss"]
[EventRounds "9"]
[EventCountry "RUS"]
[SourceTitle "EXT 2020"]
[Source "ChessBase"]
[SourceDate "2019.10.17"]
[SourceVersion "1"]
[SourceVersionDate "2019.10.17"]
[SourceQuality "1"]

1. d4 Nf6 2. Nf3 g6 3. Bf4 d6 4. e3 Nh5 5. Bg5 h6 6. Bh4 g5 7. Nfd2 Ng7 8. Bg3 Nf5 9. Bd3 Bg7 10. c3 Nxg3 11. hxg3 Nd7 12. Na3 e5 13. g4 Nf6 14. f3 Nd5 15. Kf2 Qe7 16. Nc2 c5 17. dxc5 dxc5 18. Ne4 0-0 19. Ng3 Be6 20. Qe2 Qc7 21. Na3 Ne7 22. Qc2 Rad8 23. Nb5 Qc8 24. Rad1 Qc6 25. c4 a6 26. Nc3 Qc8 27. a3 Rd7 28. Nf5 Bxf5 29. gxf5 f6 30. g4 Rfd8 31. Be4 Rxd1 32. Nxd1 Qd7 33. Ke2 Qc7 34. Nc3 Kh7 35. Qb3 Rd7 36. Bd5 e4 37. Nxe4 Nxd5 38. cxd5 c4 39. Qc3 Rf7 40. d6 Qb6 41. Rd1 Rf8 42. Rd2 Qc6 43. d7 Rd8 44. Rd6 Qc7 45. Qd4 Kh8 46. Nxf6 c3 47. bxc3 Qa5 48. Re6 Qb5+ 49. c4 1-0

[Event "Kolomna-ch 67th"]
[Site "Kolomna"]
[Date "2016.12.25"]
[Round "2"]
[White "Shilo, Kirill"]
[Black "Chertkov, Maksim"]
[Result "1-0"]
[WhiteElo "1744"]
[BlackElo "1288"]
[PlyCount "41"]
[EventDate "2016.12.24"]
[EventType "swiss"]
[EventRounds "10"]
[EventCountry "RUS"]
[SourceTitle "EXT 2019"]
[Source "ChessBase"]
[SourceDate "2018.10.10"]
[SourceVersion "1"]
[SourceVersionDate "2018.10.10"]
[SourceQuality "1"]

1. e4 e5 2. Nf3 Nc6 3. Bc4 Nf6 4. d3 Bc5 5. c3 0-0 6. 0-0 d6 7. Bb3 Be6 8. Nbd2 Qd7 9. h3 h6 10. Re1 Rfe8 11. Nf1 Kh7 12. Ba4 a6 13. d4 b5 14. Bc2 exd4 15. cxd4 Bb4 16. Bd2 Bxd2 17. Qxd2 Ne7 18. e5+ Bf5 19. exf6 gxf6 20. Ng3 Bxc2 21. Qxc2+ 1-0

[Event "Gelendzhik op"]
[Site "Gelendzhik"]
[Date "2015.01.11"]
[Round "8"]
[White "Karabet, Evgeniu"]
[Black "Shilo, Kirill"]
[Result "1-0"]
[WhiteElo "1641"]
[BlackElo "1581"]
[PlyCount "111"]
[EventDate "2015.01.04"]
[EventType "swiss"]
[EventRounds "9"]
[EventCountry "RUS"]
[SourceTitle "CBM 164 Extra"]
[Source "ChessBase"]
[SourceDate "2015.03.02"]
[SourceVersion "1"]
[SourceVersionDate "2015.03.02"]
[SourceQuality "1"]

1. e4 d6 2. d4 Nf6 3. Nc3 e5 4. dxe5 dxe5 5. Qxd8+ Kxd8 6. Be3 Be6 7. Nf3 Nbd7 8. 0-0-0 Kc8 9. Ng5 Bb4 10. Nxe6 fxe6 11. f3 a6 12. Bc4 Re8 13. a3 Bc5 14. Bxc5 Nxc5 15. b4 Ncd7 16. Kb2 b5 17. Bb3 Nb6 18. Rd2 Kb7 19. Rhd1 h5 20. a4 Nc4+ 21. Bxc4 bxc4 22. a5 c5 23. bxc5 Kc6 24. Na4 Rab8+ 25. Kc3 Kb5 26. Nb6 Kxc5 27. Nxc4 Rb4 28. Nxe5 Ra4 29. Rd6 Rc8 30. Rxe6 Kb5+ 31. Kd3 Ra3+ 32. Kd2 Ra2 33. Rb1+ Ka4 34. Reb6 Rcxc2+ 35. Ke3 Rc3+ 36. Kf4 Rac2 37. Ra1+ Ra3 38. Rxa3+ Kxa3 39. Rxa6 Kb4 40. Ra7 Rxg2 41. h4 Kb5 42. Nd3 Rg1 43. Kf5 Rh1 44. Kg5 Rh3 45. Kg6 Rg3+ 46. Kf5 Rh3 47. Kg5 Rg3+ 48. Kf5 Rh3 49. Ne5 Rh2 50. Ng6 Rh1 51. e5 Nd5 52. Kg5 Rf1 53. f4 Re1 54. e6 Nf6 55. e7 Nd5 56. Ne5 1-0

[Event "Gelendzhik op"]
[Site "Gelendzhik"]
[Date "2015.01.04"]
[Round "1"]
[White "Erzhanov, Arman"]
[Black "Shilo, Kirill"]
[Result "1-0"]
[WhiteElo "2235"]
[BlackElo "1581"]
[PlyCount "75"]
[EventDate "2015.01.04"]
[EventType "swiss"]
[EventRounds "9"]
[EventCountry "RUS"]
[SourceTitle "CBM 164 Extra"]
[Source "ChessBase"]
[SourceDate "2015.03.02"]
[SourceVersion "1"]
[SourceVersionDate "2015.03.02"]
[SourceQuality "1"]

1. e4 d6 2. d4 Nf6 3. f3 e5 4. d5 c6 5. c4 Nbd7 6. Nh3 Be7 7. Nc3 0-0 8. Be3 Qc7 9. Nf2 cxd5 10. cxd5 Nc5 11. b4 Na6 12. Qb3 Nh5 13. Nb5 Qd8 14. Nxa7 Bd7 15. Bxa6 bxa6 16. Nc6 Qe8 17. Nxe7+ Qxe7 18. 0-0 f5 19. exf5 Nf4 20. g4 Bb5 21. Rfe1 Qh4 22. Bxf4 exf4 23. a4 Be8 24. Re6 Rd8 25. Rae1 h5 26. b5 axb5 27. axb5 hxg4 28. fxg4 Bf7 29. Re7 Qg5 30. b6 Bh5 31. Qh3 Bf7 32. Qf3 Rb8 33. b7 Rfe8 34. Rxe8+ Bxe8 35. Ne4 Qe7 36. Qxf4 Rxb7 37. g5 Bf7 38. Nf6+ 1-0